Axis and allies members WW2 - Statistics

General Stats
  • This quiz has been taken 52 times
    20 since last reset
  • The average score is 38 of 61
Answer Stats
Hint Answer % Correct
Axis Germany
94%
Allies United Kingdom
94%
Axis Bulgaria
88%
Axis Italy
88%
Axis Romania
88%
Allies Soviet Union
88%
Allies Brazil
81%
Allies Canada
81%
Axis Japan
81%
Allies Norway
81%
Allies Poland
81%
Axis Thailand
81%
Allies Argentina
75%
Allies Australia
75%
Allies Belguim
75%
Allies British RAJ
75%
Allies China
75%
Allies Denmark
75%
Allies Luxembourg
75%
Allies Mexico
75%
Allies Netherlands
75%
Allies New Zealand
75%
Axis Finland
69%
Allies Greece
69%
Axis Hungary
69%
Allies Philippines
69%
Allies Turkey
69%
Allies Paragauy
63%
Allies Saudi Arabia
63%
Axis Slovakia
63%
Allies South Africa
63%
Allies Venezuela
63%
Allies Chile
56%
Axis Croatia
56%
Allies Cuba
56%
Allies Cuba
56%
Allies Dutch East Indies
56%
Allies Ecuador
56%
Allies Estonia
56%
Allies Ethiopia
56%
Allies Mongolia
56%
Allies Nicaragua
56%
Allies Panama
56%
Allies Persia
56%
Allies Yugoslavia
56%
Allies Bolivia
50%
Allies Costa Rica
50%
Allies Dominican Republic
50%
Allies Guatemala
50%
Allies Haiti
50%
Allies Latvia
50%
Allies Peru
50%
Axis (Vichy) France
50%
Allies Liberia
44%
Allies French Syria
38%
Allies Lithuania
38%
Axis Manchukuo
38%
Allies (Free) France
25%
Allies French indochina
13%
Allies Chinese Warlords
6%
Allies Polish free state
6%
No matching quizzes found
Score Distribution
Percent of People with Each Score
Percentile by Number Answered
Your Score History
You have not taken this quiz since the last reset